000 00764nam a22001937a 4500
005 20251108165850.0
008 250721s1983 xx 000 0 ara d
082 1 4 _aم/621.3803/احم
100 1 _aالشاغعي، أحمد مختار
245 1 0 _aهندسة الأتصالات السلكية واللأسلكية عربي مع التعاريف ، إنجليزي ، فرنسي ، الماني /
264 1 _aالقاهرة :
_bمؤسسة الأهرام،
_c1983.
300 _a277 ، 134ص
490 0 _aالمعاجم التكنولوجية التخصصية
650 1 7 _aالهندسة الإلكترونية
650 1 7 _aالقواميس
650 1 7 _aالمواصلات السلكية و اللأسلكية
942 _2ddc
_cREF
999 _c33318
_d33318